Quiz do Neymar - Hard - Statistics

Estatísticas Gerais
  • Esse quiz foi jogado 44 vezes
  • A pontuação média é 4 de 13
Estatísticas das Respostas
Hint Resposta % Correto
Qual era a idade de Neymar quando o mesmo fez um breve estágio nas categorias de base do Real Madrid? 14
95%
Em qual ano ocorreu sua transferência para a base do Santos FC? 2003
89%
Qual a religião de Neymar? Evangélico
73%
Neymar foi artilheiro em quantas competições em toda a sua carreira? 7
62%
No dia 22 de novembro de 2017, Neymar se igualou à um ídolo com o maior numero de gols entre os brasileiros marcados em Liga dos Campeões da UEFA. Quem era esse ídolo? Rivaldo
38%
Quantos gols Neymar fez em competições continentais pelo PSG? 22
32%
Qual o clube em que Neymar fez seu primeiro gol como profissional? Mogi Mirim
22%
Qual clube descobriu o Neymar antes dele ir ao Santos FC? Portuguesa Santista
14%
Em qual estádio Neymar fez seu primeiro gol com a camisa do Barcelona? Estádio Vicente Calderón
3%
Qual foi a lesão que deixou Neymar por mais tempos de fora do campo? Fratura no quinto metatarso do pé direito
0%
Qual técnico deu a forte declaração que Neymar "joga para se exibir"? Hany Ramzy
0%
Por qual competição, Neymar marcou o seu ultimo gol com a camisa do Barcelona contra o Manchester United em 2017? International Champions Cup
0%
No dia 8 de novembro de 2015, Neymar fez um gol antológico contra o Villareal. Quem foi o zagueiro que tomou o chápeu antes da finalização de Neymar? Jaume Costa
0%
Nenhum quiz correspondente encontrado
Distribuição das Pontuações
Porcentagem de Pessoas com Cada Pontuação
Percentil de Números Respondidos
Sua Pontuação Histórica
Você não jogou esse quiz